000 nam a22 7a 4500
999 _c8331
_d8331
008 171230b xxu||||| |||| 00| 0 eng d
100 _aHabib, Irfan
_94671
245 _aThe Agrarian System of Mughal India 1556-1707
260 _aNew Delhi
_bUniversity Press
_c2014